000 00346nam a2200121Ia 4500
008 190216s9999||||xx |||||||||||||| ||und||
100 _aAgrawal S P & Aggarwal J C
245 0 _aEduaction And Social Uplift Of Backward Classes
260 _bConcept Pub
_c1991
300 _a288
650 _aEducation. Research. Related Topics
942 _cREF
999 _c36116
_d36116